|
|
|
|
| LEADER |
01642nam a22003854a 4500 |
| 001 |
EBC3443055 |
| 003 |
MiAaPQ |
| 005 |
20200520144314.0 |
| 006 |
m o d | |
| 007 |
cr cn||||||||| |
| 008 |
030214s2003 txub sb 001 0 eng |
| 010 |
|
|
|z 2003003873
|
| 020 |
|
|
|z 0292705336 (cloth)
|
| 035 |
|
|
|a (MiAaPQ)EBC3443055
|
| 035 |
|
|
|a (Au-PeEL)EBL3443055
|
| 035 |
|
|
|a (CaPaEBR)ebr10190636
|
| 035 |
|
|
|a (OCoLC)191935951
|
| 040 |
|
|
|a MiAaPQ
|c MiAaPQ
|d MiAaPQ
|
| 043 |
|
|
|a ncgt---
|
| 050 |
|
4 |
|a HF3270.G9
|b H47 2003
|
| 082 |
0 |
4 |
|a 330.97281/103
|2 21
|
| 100 |
1 |
|
|a Herrera, Robinson A.,
|d 1966-
|
| 245 |
1 |
0 |
|a Natives, Europeans, and Africans in sixteenth-century Santiago de Guatemala
|h [electronic resource] /
|c Robinson A. Herrera.
|
| 250 |
|
|
|a 1st ed.
|
| 260 |
|
|
|a Austin :
|b University of Texas Press,
|c 2003.
|
| 300 |
|
|
|a x, 261 p. :
|b maps.
|
| 500 |
|
|
|a Parts of chapter eight previously appeared as "'Por Que No Sabemos Firmar' : Black Slaves in Early Guatemala," Americas 57, no. 2 (October 2000).
|
| 504 |
|
|
|a Includes bibliographical references (p. [235]-250) and index.
|
| 533 |
|
|
|a Electronic reproduction. Ann Arbor, MI : ProQuest, 2015. Available via World Wide Web. Access may be limited to ProQuest affiliated libraries.
|
| 651 |
|
0 |
|a Guatemala (Guatemala)
|x Commerce
|x History
|y 16th century.
|
| 651 |
|
0 |
|a Guatemala (Guatemala)
|x Ethnic relations
|x Economic aspects.
|
| 651 |
|
0 |
|a Guatemala (Guatemala)
|x Economic conditions
|y 16th century.
|
| 655 |
|
4 |
|a Electronic books.
|
| 710 |
2 |
|
|a ProQuest (Firm)
|
| 856 |
4 |
0 |
|u https://ebookcentral.proquest.com/lib/matrademy/detail.action?docID=3443055
|z Click to View
|